00644nam a2200157 a 450000100100000000500170001000800410002702000150006804000250008308200130010810000250012124501280014626001530027430000280042750400310045500002555320200930023855.0110217s2000 ve r 000 0 spa d a9803275569 aDO-SdBNPbspacBNPHU ann*bnn*1 aRubio-Palis, Yasmin.10aAnopheles (nyssorhynchus) de Venezuela :btaxonomía, bionomía, ecología e importancia médica /cYasmin Rubio-Palis. aMaracay, Venezuela :bEscuela de Malariología y Saneamiento Ambiental "Dr. Amoldo Gabaldon" ;bProyecto Contro de Enfermedades Endémicas,c2000. a120 p. :bil. ;c23 cm. aBibliografía : 98-118 p.